000 00681nam a22001817a 4500
999 _c61432
_d61432
005 20240313112908.0
008 240313s1981 ru ||||| |||| 00| 0 rus d
041 _arus
080 _a821(37) Ф-33
100 _aФедоров, Н.А.
_920793
245 _aАнтичная литература :
_bРим. Хрестоматия /
_cН. А. Федоров, В. И. Мирошенкова.
264 _aМосква :
_bВысшая школа,
_c1981.
300 _a607 с.
_b21 см.
653 _aუძველესი ლიტერატურა
653 _aრომი
700 _a Мирошенкова, В. И.
_eავტორი
_921407
942 _2udc
_cBK